| 000 | 00608nam a2200181Ia 4500 | ||
|---|---|---|---|
| 008 | 090124s9999 xx 000 0 und d | ||
| 020 | _a81-87889-04-7 | ||
| 082 | _b45866 | ||
| 245 | _a मराठी विज्ञानवाड्मय सूची | ||
| 250 | _a1 | ||
| 260 | _c2000 | ||
| 300 | _a324 | ||
| 630 | _a मराठी विज्ञानवाड्मय सूची | ||
| 700 | _aसोवनी रा. वि. | ||
| 700 | _aशिंत्रे संजीवनी | ||
| 730 | _a मराठी विज्ञानवाड्मय सूची | ||
| 942 | _cBOOK | ||
| 999 |
_c112074 _d112074 |
||